An Introduction to Accounting

Bibliographic Details
Main Author: Martin, Carrick
Format: Book
Published: Sydney : McGrawHill , 1987
Edition:2nd ed.
Subjects:

MARC

LEADER 00000cam a2200000 7i4500
001 0000009313
005 20161220.0
020 |a 0074525492 
040 |a INS 
090 0 0 |a HF5635   |b M37 1987 
100 1 |a Martin, Carrick 
245 1 3 |a An Introduction to Accounting   |c Carrick Martin 
250 |a 2nd ed. 
260 |a Sydney :   |b McGrawHill ,   |c 1987 
300 |a 705p ;   |c 25cm. 
650 0 |a Bookeeping 
650 0 0 |a Accounting 
999 |a 0000022103   |b BOOK   |c Open Shelf   |e Default branch